LEADER 01132nam0 2200337 450 001 990000842020203316 035 $a0084202 035 $aUSA010084202 035 $a(ALEPH)000084202USA01 035 $a0084202 100 $a20010405d1960 |||||ita|0103 ba 101 $ager 102 $aDE 105 $a|||| ||||| 200 1 $aLuther und Lessing$fvon Walther von Loewenich 210 $aTubingen$cMohr$d1960. 215 $a35 p.$d23 cm 225 $aSammlung gemeinverstandlicher Vortrage und Schriften aus dem Gebiet der Theologie und Religionsgeschichte$v232. 410 1$12001$aSammlung gemeinverstandlicher Vortrage und Schriften aus dem Gebiet der Theologie und Religionsgeschichte$v232. 700 1$aLOEWENICH,$bWalther : von$0205555 801 0$aIT$bsalbc$gISBD 912 $a990000842020203316 951 $aIV MISC. 69/36$b99187 LM$cIV MISC 959 $aBK 969 $aUMA 979 $aPATTY$b90$c20020104$lUSA01$h1446 979 $aPATTY$b90$c20020104$lUSA01$h1447 979 $c20020403$lUSA01$h1729 979 $aPATRY$b90$c20040406$lUSA01$h1658 996 $aLuther und Lessing$9967964 997 $aUNISA LEADER 01003ogs 2200301 450 001 9910410789803321 005 20220722195629.0 035 $a(CKB)4580000000000007 035 $a(EXLCZ)994580000000000007 100 $a20190204a201u9999 uy v 101 0 $aeng 181 $ctxt$2rdacontent 182 $cc$2rdamedia 183 $acr$2rdacarrier 200 00$aJoVE science education$iAdvanced biology 210 1$aCambridge, MA :$cMyJove Corporation 215 $a1 online resource (streaming video files) 327 $aNeuroscience -- Developmental biology -- Genetics -- Cell biology -- Immunology -- Microbiology 517 3 $aJournal of visualized experiments (JoVE) science education. 517 3 $aAdvanced biology 606 $aBiology$xExperiments$vDatabases 606 $aStreaming video$vDatabases 615 0$aBiology$xExperiments 615 0$aStreaming video 906 $aJOURNAL 912 $a9910410789803321 996 $aJoVE Science Education$91891383 997 $aUNINA LEADER 01794oas 2200685 a 450 001 9910141827103321 005 20260218110727.0 011 $a2304-1021 035 $a(DE-599)ZDB2713627-9 035 $a(OCoLC)858007053 035 $a(CONSER) 2014243282 035 $a(CKB)2670000000406875 035 $a(DE-599)2713627-9 035 $a(EXLCZ)992670000000406875 100 $a20130905a20129999 uy 101 0 $aeng 135 $aur||||||||||| 181 $ctxt$2rdacontent 182 $cc$2rdamedia 183 $acr$2rdacarrier 200 00$aAnnals of cardiothoracic surgery 210 $aHong Kong $cAME Publishing Company$dİ2012- 311 08$a2225-319X 517 1 $aAnn cardiothorac surg 517 1 $aACS 531 10$aAnn Cardiothorac Surg 606 $aHeart$xSurgery$vPeriodicals 606 $aChest$xSurgery$vPeriodicals 606 $aCardiac Surgical Procedures 606 $aThoracic Surgery 606 $aChest$xSurgery$2fast$3(OCoLC)fst00853847 606 $aHeart$xSurgery$2fast$3(OCoLC)fst00953666 608 $aPeriodical. 608 $aFulltext. 608 $aInternet Resources. 608 $aPeriodicals. 608 $aPeriodicals.$2fast 615 0$aHeart$xSurgery 615 0$aChest$xSurgery 615 12$aCardiac Surgical Procedures. 615 12$aThoracic Surgery. 615 7$aChest$xSurgery. 615 7$aHeart$xSurgery. 801 0$bCNCGM 801 1$bCNCGM 801 2$bCS1 801 2$bTXA 801 2$bAU@ 801 2$bNLM 801 2$bOCLCF 801 2$bOCLCQ 801 2$bCASUM 801 2$bOCLCO 801 2$bOCLCA 801 2$bBWN 801 2$bOCLCQ 906 $aJOURNAL 912 $a9910141827103321 996 $aAnnals of cardiothoracic surgery$92012554 997 $aUNINA